01472nam a2200289 a 450000100100000000500170001000800410002702000150006804000250008308200260010810000440013424500790017825000110025726000380026830000210030650000630032750000370039065000270042765000310045404900090048595201390049495201390063395201390077295201240091195201300103599900170116500002144820240530073919.0100908s2002 dr 000 f spa d a9993420123 aDO-SdBNPbspacBNPHU aRD863.44bL789p, 20051 aLizardo Lasocé, Luis Francisco94474310aPalma Sola :bla tragedia de un pueblo /cLuis Francisco Lizardo Lasocé. a5a ed. aSanto Domingo :bManatí,c2002. a107 p. ;c21 cm. aIncluye datos biográficos del autor en la contracubierta aIncluye nota al pie de páginas 0aNovela dominicana9223 0aLiteratura dominicana.967 aBNPD 001054708DSaGRbGRcHDd2010-09-08iLF1l0oRD863.44 L789p, 2005p21448-30r2020-06-25te. 3w2020-06-25yLFDSZPréstamo en sala 001054708DSaGRbGRcHDd2013-04-08iLF1l0oRD863.44 L789p, 2005p21448-40r2020-06-25te. 4w2020-06-25yLFDSZPréstamo en sala 001154708DSaGRbGRcMId2013-04-08iLF1l0oRD863.44 L789p, 2005p21448-50r2020-06-25te. 5w2020-06-25yLFDSZPréstamo en sala 0010718PDaPDbPDcHDd2010-09-08iLF1l0oRD863.44 L789p, 2005p21448-10r2020-06-25w2020-06-25yLFPDZNo se presta 0010718PDaPDbPDcHDd2010-09-08iLF1l0oRD863.44 L789p, 2005p21448-20r2020-06-25te. 2w2020-06-25yLFPDZNo se presta c20948d20948